000 00746nam a2200229 a 4500
001 000047959
005 20201002060829.0
008 181005s2017 dr a r 000 0 spa d
020 _a9789945599688
040 _aDO-SdBNP
_bspa
_cBNPHU
082 _axxxx
_bP343e 5to.
100 1 _aPayán Velez, Carolina
_974849
245 1 0 _aEducación artística 5 : libro del maestro. :
_bquinto grado, segundo ciclo ; educación primaria /
_cCarolina Payán Velez, Veronica Veloz.
250 _a2da. ed.
260 _aSanto Domingo :
_bActualidad,
_c2017.
300 _a128 p. :
_bil. ;
_c22 cm.
490 1 _aVeraz
504 _aBibliografía : p. 160
590 _aInventariado, 2018/BT
700 1 _aVeloz, Verónica
_974850
830 0 _aVeraz
_974848
999 _c47447
_d47447